El niño y su arte

Αποθηκεύτηκε σε:
Λεπτομέρειες βιβλιογραφικής εγγραφής
Κύριος συγγραφέας: Lowenfeld, Viktor (autor)
Μορφή: Βιβλίο
Γλώσσα:Ισπανικά
Έκδοση: Buenos Aires Kapelusz 1975
Σειρά:Biblioteca de Cultura Pedagógica, 53
Θέματα:
Ετικέτες: Προσθήκη ετικέτας
Δεν υπάρχουν, Καταχωρήστε ετικέτα πρώτοι!

MARC

LEADER 00000nam a2200000 a 4500
001 UCW5067
003 CL-VaPUC
008 901127e19750000AG |||||||||||||||||spa|d
082 0 4 |a 370.118  |b LOW  |2 21 
100 |a Lowenfeld, Viktor  |e autor  |9 542638 
245 1 3 |a El niño y su arte 
300 |a 202 p 
942 |c BK 
945 |d 19901127 00:00:00 
260 |a Buenos Aires  |b Kapelusz  |c 1975 
650 0 |a Niños  |9 255605 
650 0 |a Psicología del niño  |9 307305 
650 0 |a Educación en el hogar  |9 307975 
650 0 |a Aptitud creadora  |9 307292 
583 |a last modification  |c 20150520 13:57:52  |k Rodrigo Vera 
490 0 |a Biblioteca de Cultura Pedagógica, 53 
999 |c 218583  |d 218581 
952 |0 0  |1 0  |4 0  |6 370_118000000000000_LOW_1975  |7 0  |8 P  |9 208332  |a BIBEDU  |b BIBEDU  |c BIBEDU_PB  |d 2019-11-15  |i 2762668  |o 370.118 LOW 1975  |p 2762668  |r 2024-01-25  |w 2019-11-15  |y BK  |k EDU 
952 |0 0  |1 0  |4 0  |6 370_118000000000000_LOW_1975  |7 0  |8 P  |9 208333  |a BIBEDU  |b BIBEDU  |c BIBEDU_PB  |d 2019-11-15  |i 2762684  |l 1  |o 370.118 LOW 1975  |p 2762684  |r 2024-01-25  |s 2023-05-11  |w 2019-11-15  |y BK  |k EDU 
952 |0 0  |1 0  |4 0  |6 370_118000000000000_LOW_1975  |7 0  |8 P  |9 208334  |a BIBEDU  |b BIBEDU  |c BIBEDU_PB  |d 2019-11-15  |i 2762692  |l 2  |o 370.118 LOW 1975  |p 2762692  |r 2024-01-25  |s 2020-10-11  |w 2019-11-15  |y BK  |k EDU 
952 |0 0  |1 0  |4 0  |6 370_118000000000000_LOW_1975  |7 0  |8 P  |9 208335  |a BIBEDU  |b BIBEDU  |c BIBEDU_PB  |d 2019-11-15  |i 2762706  |o 370.118 LOW 1975  |p 2762706  |r 2024-01-25  |w 2019-11-15  |y BK  |k EDU 
952 |0 0  |1 0  |4 0  |6 370_118000000000000_LOW_1975  |7 0  |8 P  |9 208336  |a BIBEDU  |b BIBEDU  |c BIBEDU_PB  |d 2019-11-15  |i 2762714  |o 370.118 LOW 1975  |p 2762714  |r 2024-01-25  |w 2019-11-15  |y BK  |k EDU 
952 |0 0  |1 0  |4 0  |6 370_118000000000000_LOW_1975  |7 0  |8 P  |9 208337  |a BIBEDU  |b BIBEDU  |c BIBEDU_PB  |d 2019-11-15  |i 2762722  |o 370.118 LOW 1975  |p 2762722  |r 2024-01-25  |w 2019-11-15  |y BK  |k EDU 
952 |0 0  |1 0  |4 0  |6 370_118000000000000_LOW_1975  |7 0  |8 P  |9 208338  |a BIBEDU  |b BIBEDU  |c BIBEDU_PB  |d 2019-11-15  |i 2762730  |o 370.118 LOW 1975  |p 2762730  |r 2024-01-25  |w 2019-11-15  |y BK  |k EDU 
952 |0 0  |1 0  |4 0  |6 370_118000000000000_LOW_1975  |7 0  |8 P  |9 208339  |a BIBEDU  |b BIBEDU  |c BIBEDU_PB  |d 2019-11-15  |i 2762757  |o 370.118 LOW 1975  |p 2762757  |r 2024-01-25  |w 2019-11-15  |y BK  |k EDU 
952 |0 0  |1 0  |4 0  |6 370_118000000000000_LOW_1975  |7 0  |8 P  |9 208340  |a BIBEDU  |b BIBEDU  |c BIBEDU_PB  |d 2019-11-15  |i 2762765  |o 370.118 LOW 1975  |p 2762765  |r 2024-01-25  |w 2019-11-15  |y BK  |k EDU 
952 |0 0  |1 0  |4 0  |6 370_118000000000000_LOW_1975  |7 0  |8 P  |9 208341  |a BIBEDU  |b BIBEDU  |c BIBEDU_PB  |d 2019-11-15  |i 2762773  |o 370.118 LOW 1975  |p 2762773  |r 2024-01-25  |w 2019-11-15  |y BK  |k EDU 
952 |0 0  |1 0  |4 0  |6 370_118000000000000_LOW_1975  |7 0  |8 P  |9 208342  |a BIBEDU  |b BIBEDU  |c BIBEDU_PB  |d 2019-11-15  |i 2762781  |o 370.118 LOW 1975  |p 2762781  |r 2024-01-25  |w 2019-11-15  |y BK  |k EDU 
952 |0 0  |1 0  |4 0  |6 370_118000000000000_LOW_1975  |7 0  |8 P  |9 208343  |a BIBEDU  |b BIBEDU  |c BIBEDU_PB  |d 2019-11-15  |i 2762749  |l 1  |o 370.118 LOW 1975  |p 2762749  |r 2024-01-25  |s 2023-05-11  |w 2019-11-15  |y BK  |k EDU